Cesta Estonska do EU

Snaha Estónska o začlenenie do politických, hospodárskych a bezpečnostných štruktúr západnej Európy. Žiadosť o členstvo a predvstupná stratégia. Plnenie ekonomických kritérií. Hospodárska štruktúra. Liberalizácia cien a obchodu. Ekonomický rast, privatizácia a bankovnícky systém. Verejné financie, i...

Description complète

Enregistré dans:
Détails bibliographiques
Auteur principal: Zájedová, Ivi
Format: Chapitre de livre
Langue:tchèque
Sujets:
Tags: Ajouter un tag
Pas de tags, Soyez le premier à ajouter un tag!

MARC

LEADER 00000naa a2200000 4500
001 r032253
005 20230920094940.3
041 0 |a cze 
044 |a CZ 
245 1 0 |a Cesta Estonska do EU  |c Ivi Zájedová 
520 |a Snaha Estónska o začlenenie do politických, hospodárskych a bezpečnostných štruktúr západnej Európy. Žiadosť o členstvo a predvstupná stratégia. Plnenie ekonomických kritérií. Hospodárska štruktúra. Liberalizácia cien a obchodu. Ekonomický rast, privatizácia a bankovnícky systém. Verejné financie, inflácia a výmenný kurz. Zahraničný obchod a investície. 
610 2 0 |a integrácia ekonomická medzinárodná 
610 2 0 |a Estónsko 
610 2 0 |a stratégia hospodárska 
610 2 0 |a hospodárstvo trhové 
610 2 0 |a štruktúra ekonomická 
610 2 0 |a rast hospodársky 
610 2 0 |a financie verejné 
610 2 0 |a inflácia 
610 2 0 |a privatizácia 
610 2 0 |a bankovníctvo 
610 2 0 |a liberalizácia 
610 2 0 |a investície 
610 2 0 |a Európska únia 
100 1 |a Zájedová, Ivi